[Event "3.Città di Padova Op.B, Elo<1900"]
[Site "Padova Ex Fornace Carotta"]
[Date "2000.12.10"]
[Round "5.28"]
[White "Bonafede, Alessandro"]
[Black "Bertucco, Diego"]
[Result "1/2-1/2"]
[WhiteElo "1500"]
[BlackElo "1600"]
[Annotator "Gabriele Ballarin"]
[PlyCount "110"]
[EventDate "2000.12.02"]
[EventType "swiss"]
[EventRounds "6"]
[EventCountry "ITA"]

1. e4 e5 2. Nf3 Nc6 3. Bc4 Bc5 4. Nc3 Nf6 5. O-O d6 6. d3 a6 7. a4 Bg4 8. Be3 Nd4 9. Bxd4 Bxd4 10. Rb1 Qd7 11. Nd5 c6 12. Ne3 Bxe3 13. fxe3 O-O-O 14. b4 d5 15. exd5 cxd5 16. Bb3 Qe7 17. Qe1 Qc7 18. c4 d4 19. exd4 Bxf3 20. Rxf3 Rxd4 21. Rc1 Rhd8 22. Qe2 e4 23. dxe4 Rxe4 24. Qf2 Ng4 25. Qg3 Qb6+ 26. c5 Qh6 27. Rcf1 f6 28. Be6+ Rxe6 29. Qxg4 Rde8 30. Re1 f5 31. Qxf5 Kb8 32. Rxe6 Rxe6 33. Qf4+ Qxf4 34. Rxf4 Re7 35. Kf2 Kc7 36. Kf3 b6 37. cxb6+ Kxb6 38. Re4 Rf7+ 39. Ke3 Rd7 40. Re6+ Kb7 41. Ke4 Rc7 42. Kd5 Rd7+ 43. Rd6 Re7 44. g4 Ka7 45. Kc6 Re2 46. Rd7+ Kb8 47. Rxg7 Rxh2 48. b5 axb5 49. axb5 Rh6+ 50. Kc5 Rh2 51. b6 Rg2 52. Kd5 h5 53. Ke4 hxg4 54. Kf4 Rb2 55. Rxg4 Rxb6 1/2-1/2

[Event "3.Città di Padova Op.B, Elo<1900"]
[Site "Padova Ex Fornace Carotta"]
[Date "2000.12.10"]
[Round "5.29"]
[White "Alba, Riccardo"]
[Black "Meggiorin, Orlando"]
[Result "1-0"]
[WhiteElo "1500"]
[BlackElo "1600"]
[Annotator "Gabriele Ballarin"]
[PlyCount "55"]
[EventDate "2000.12.02"]
[EventType "swiss"]
[EventRounds "6"]
[EventCountry "ITA"]

1. e4 c5 2. Nf3 d6 3. d4 cxd4 4. Nxd4 g6 5. Be3 Bg7 6. Qd2 Nd7 7. Nc3 a6 8. f3 Ne5 9. O-O-O Bd7 10. h3 h5 11. f4 Nc6 12. Nxc6 Bxc6 13. Nd5 Bxd5 14. Qxd5 Nf6 15. Qxb7 Rb8 16. Qc6+ Kf8 17. e5 Ne8 18. Bd4 Bh6 19. g3 h4 20. exd6 Nxd6 21. Bxh8 hxg3 22. Be5 Rb6 23. Qc3 Qa8 24. Bxd6 Bg7 25. Bxe7+ Kxe7 26. Qc5+ Ke8 27. Qxb6 Bf6 28. Bxa6 1-0

[Event "3.Città di Padova Op.B, Elo<1900"]
[Site "Padova Ex Fornace Carotta"]
[Date "2000.12.10"]
[Round "5.30"]
[White "Barbetta, Cosimo"]
[Black "Alessi, Giovanni"]
[Result "0-1"]
[WhiteElo "1600"]
[BlackElo "1500"]
[Annotator "Gabriele Ballarin"]
[PlyCount "156"]
[EventDate "2000.12.02"]
[EventType "swiss"]
[EventRounds "6"]
[EventCountry "ITA"]

1. e4 e6 2. c3 g6 3. Nf3 Bg7 4. Be2 d6 5. O-O Nf6 6. a3 O-O 7. d3 b6 8. Bd2 Bb7 9. Qc1 Re8 10. Bh6 Bh8 11. Bg5 Nbd7 12. Nbd2 c5 13. Nc4 Qc7 14. e5 Nxe5 15. Nfxe5 dxe5 16. f4 e4 17. Ne5 Nd7 18. Ng4 Bg7 19. dxe4 Bxe4 20. Bf3 Bxf3 21. Rxf3 h5 22. Nf2 Nf6 23. Bxf6 Bxf6 24. Ne4 Bg7 25. Qc2 Rad8 26. Rd1 Rxd1+ 27. Qxd1 Rd8 28. Qc2 Qd7 29. Rf1 Qd3 30. Qb1 h4 31. Qe1 h3 32. Nf2 Qe2 33. Nxh3 Qxb2 34. Qh4 Rd2 35. Rf2 Qxc3 36. Rxd2 Qxd2 37. Kf1 Qd1+ 38. Qe1 Qxe1+ 39. Kxe1 Bb2 40. a4 a6 41. Kd2 b5 42. Kc2 Bd4 43. Kb3 c4+ 44. Kb4 Kf8 45. axb5 axb5 46. Ng5 c3 47. Kb3 b4 48. Nf3 Bc5 49. Ne5 Ke7 50. g4 Bd6 51. Nd3 Kd7 52. h4 Bf8 53. Ne5+ Ke8 54. h5 gxh5 55. gxh5 f6 56. Ng4 Kf7 57. Kc2 f5 58. Ne5+ Kg7 59. Nc6 Kh6 60. Nd4 Kxh5 61. Nxe6 Bd6 62. Nd4 Kg4 63. Kb3 Kxf4 64. Kc2 Ke4 65. Ne2 f4 66. Kd1 Ke3 67. Nc1 f3 68. Ke1 Bf4 69. Ne2 c2 70. Nc1 Kd4 71. Nb3+ Kc3 72. Nc1 Bxc1 73. Kf2 Kd3 74. Kxf3 Be3 75. Kg2 c1=Q 76. Kg3 Ke4 77. Kg2 Qg1+ 78. Kh3 Kf4 0-1

[Event "3.Città di Padova Op.B, Elo<1900"]
[Site "Padova Ex Fornace Carotta"]
[Date "2000.12.10"]
[Round "5.31"]
[White "Chinellato, Marco"]
[Black "Ceccherini, Paolo"]
[Result "1-0"]
[WhiteElo "1500"]
[BlackElo "1507"]
[Annotator "Gabriele Ballarin"]
[PlyCount "51"]
[EventDate "2000.12.02"]
[EventType "swiss"]
[EventRounds "6"]
[EventCountry "ITA"]

1. e4 e5 2. Nf3 Nc6 3. Bc4 Bc5 4. b4 Bxb4 5. c3 Ba5 6. O-O Bb6 7. d4 exd4 8. cxd4 d6 9. Nc3 Bd7 10. Qb3 Qf6 11. Nd5 Qg6 12. Nf4 Qf6 13. e5 dxe5 14. dxe5 Qe7 15. e6 fxe6 16. Nxe6 Na5 17. Qc3 Bxe6 18. Bxe6 Qf6 19. Qb4 Nc6 20. Qc4 Nge7 21. Bg5 Qf8 22. Rad1 Rd8 23. Rxd8+ Nxd8 24. Re1 Ndc6 25. Qd3 Ne5 26. Rxe5 1-0

[Event "3.Città di Padova Op.B, Elo<1900"]
[Site "Padova Ex Fornace Carotta"]
[Date "2000.12.10"]
[Round "5.32"]
[White "Del Giudice, Stefano"]
[Black "Crestani, Federico"]
[Result "1/2-1/2"]
[WhiteElo "1555"]
[BlackElo "1480"]
[Annotator "Gabriele Ballarin"]
[PlyCount "98"]
[EventDate "2000.12.02"]
[EventType "swiss"]
[EventRounds "6"]
[EventCountry "ITA"]

1. e4 e6 2. d4 d5 3. Nd2 c5 4. Ngf3 Nc6 5. exd5 Qxd5 6. Bc4 Qd8 7. O-O Nf6 8. Re1 cxd4 9. Nb3 Qc7 10. Nbxd4 Nxd4 11. Qxd4 Bd7 12. Bf4 Qc8 13. Ne5 Bc5 14. Qd3 O-O 15. Qf3 Bd4 16. Nxd7 Nxd7 17. Qb3 Nb6 18. Bd3 Nd5 19. Re4 Qc5 20. Bg3 Nf6 21. Rh4 g6 22. Qxb7 Nh5 23. c3 Bf6 24. Rc4 Qg5 25. Qf3 Nxg3 26. Qxg3 Qd2 27. Rb4 Rad8 28. Bf1 Be7 29. Rb5 Rd7 30. Qf3 Rfd8 31. b4 Qb2 32. Re1 Rd2 33. Rb7 R8d7 34. Rxd7 Rxd7 35. a4 Bh4 36. g3 Bg5 37. Bc4 Rd2 38. h4 Bh6 39. Rxe6 Qb1+ 40. Kg2 fxe6 41. Bxe6+ Kh8 42. Qf7 Qe4+ 43. Kh3 Qh1+ 44. Kg4 Qe4+ 45. f4 Qe2+ 46. Kh3 Qh2+ 47. Kg4 Qe2+ 48. Kh3 Qh2+ 49. Kg4 Qe2+ 1/2-1/2

[Event "3.Città di Padova Op.B, Elo<1900"]
[Site "Padova Ex Fornace Carotta"]
[Date "2000.12.10"]
[Round "5.33"]
[White "Bonetto, Giorgio"]
[Black "Galiano, Salvatore"]
[Result "1-0"]
[WhiteElo "1528"]
[BlackElo "1416"]
[Annotator "Gabriele Ballarin"]
[PlyCount "67"]
[EventDate "2000.12.02"]
[EventType "swiss"]
[EventRounds "6"]
[EventCountry "ITA"]

1. e4 e5 2. f4 exf4 3. Nf3 g5 4. h4 g4 5. d4 gxf3 6. Qxf3 Nc6 7. c3 a6 8. Bxf4 d6 9. Bc4 Na5 10. Bd3 Bd7 11. d5 Qe7 12. b4 Bh6 13. bxa5 Bg7 14. Bd2 Nf6 15. O-O h6 16. Na3 Rf8 17. Rab1 Bc8 18. Nc4 Ng4 19. g3 Ne5 20. Nxe5 dxe5 21. c4 Qc5+ 22. Kg2 Qa3 23. Bb4 Qxa2+ 24. Rf2 Qxf2+ 25. Qxf2 Rg8 26. Rf1 f6 27. Be2 Kd8 28. Bh5 Bd7 29. Qd2 Rb8 30. Bf7 Rh8 31. Be6 b6 32. Bxd7 Kxd7 33. d6 c6 34. Qe2 1-0

[Event "3.Città di Padova Op.B, Elo<1900"]
[Site "Padova Ex Fornace Carotta"]
[Date "2000.12.10"]
[Round "5.34"]
[White "Pilotto, Alessandro"]
[Black "Arras, Antonio"]
[Result "1-0"]
[WhiteElo "1600"]
[BlackElo "1500"]
[Annotator "Gabriele Ballarin"]
[PlyCount "86"]
[EventDate "2000.12.02"]
[EventType "swiss"]
[EventRounds "6"]
[EventCountry "ITA"]

1. d4 g6 2. Bf4 Bg7 3. e3 Nf6 4. h3 d6 5. Nf3 b6 6. c4 Ne4 7. Nbd2 Nxd2 8. Qxd2 Bb7 9. Be2 Nd7 10. O-O O-O 11. Rab1 Qe8 12. Bh2 e5 13. d5 e4 14. Nd4 Ne5 15. Qc2 Nd7 16. Nb5 Qc8 17. Qxe4 a6 18. Nd4 Nc5 19. Qc2 Qd7 20. Bf3 Qe7 21. b4 Nd7 22. b5 Qg5 23. Bg4 Nc5 24. Nc6 axb5 25. Rxb5 Ra4 26. Rbb1 Bxc6 27. dxc6 Rfa8 28. Bxd6 cxd6 29. Rxb6 f5 30. c7 Rc8 31. Rb8 Ra8 32. Rfb1 Na6 33. Rxa8 Rxa8 34. Bf3 Rc8 35. Bb7 Rxc7 36. Bxa6 h5 37. Qd3 Ra7 38. Qxd6 Kh7 39. a4 f4 40. exf4 Qa5 41. Bb5 Qc3 42. Rd1 Rf7 43. c5 Rxf4 1-0

[Event "3.Città di Padova Op.B, Elo<1900"]
[Site "Padova Ex Fornace Carotta"]
[Date "2000.12.10"]
[Round "5.35"]
[White "Verdi, Ruben"]
[Black "Spinoso, Giovanni"]
[Result "1/2-1/2"]
[WhiteElo "1443"]
[BlackElo "1452"]
[Annotator "Gabriele Ballarin"]
[PlyCount "87"]
[EventDate "2000.12.02"]
[EventType "swiss"]
[EventRounds "6"]
[EventCountry "ITA"]

1. c4 Nf6 2. Nf3 g6 3. d4 d6 4. Nc3 Bg7 5. Bf4 O-O 6. e4 c5 7. dxc5 dxc5 8. Qc2 a6 9. Rd1 Qe8 10. Be2 Nc6 11. O-O e5 12. Bg3 Bg4 13. h3 Bxf3 14. Bxf3 Nd4 15. Qd3 Rd8 16. Be2 Qe7 17. Nd5 Nxd5 18. cxd5 f5 19. f3 f4 20. Bf2 Bf6 21. Rc1 Rc8 22. Rc3 Rc7 23. Qc4 b5 24. Qd3 c4 25. Qd2 b4 26. Rxc4 Nxe2+ 27. Qxe2 a5 28. Rfc1 Rfc8 29. Qd3 Rxc4 30. Rxc4 Rxc4 31. Qxc4 Qd8 32. d6+ Kf8 33. Qc7 Bh4 34. Bb6 Qg5 35. Qc8+ Kg7 36. Qg4 Qf6 37. Bc7 h5 38. Qd7+ Kh6 39. Qe8 Kh7 40. d7 Qc6 41. Qf7+ Kh6 42. Qf8+ Kh7 43. Qf7+ Kh6 44. Qf8+ 1/2-1/2

[Event "3.Città di Padova Op.B, Elo<1900"]
[Site "Padova Ex Fornace Carotta"]
[Date "2000.12.10"]
[Round "6.2"]
[White "Muha, Zdravko"]
[Black "Allegranti, Luca"]
[Result "1/2-1/2"]
[WhiteElo "1824"]
[BlackElo "1702"]
[Annotator "Gabriele Ballarin"]
[PlyCount "42"]
[EventDate "2000.12.02"]
[EventType "swiss"]
[EventRounds "6"]
[EventCountry "ITA"]

1. d4 e6 2. Nf3 f5 3. Nc3 Nf6 4. Bg5 Be7 5. e3 b6 6. Be2 Bb7 7. O-O O-O 8. Nd2 c5 9. Bf3 Bxf3 10. Nxf3 d5 11. Ne5 Qe8 12. a4 Nc6 13. Nb5 Qc8 14. Nxc6 Qxc6 15. Qe2 a6 16. Nc3 Ra7 17. Bf4 Nd7 18. h3 Bf6 19. Rfd1 Kh8 20. Bg3 Raa8 21. Qf1 Be7 1/2-1/2

[Event "3.Città di Padova Op.B, Elo<1900"]
[Site "Padova Ex Fornace Carotta"]
[Date "2000.12.10"]
[Round "6.3"]
[White "Viola, Matteo"]
[Black "Marson, Luca"]
[Result "1-0"]
[WhiteElo "1898"]
[BlackElo "1666"]
[Annotator "Gabriele Ballarin"]
[PlyCount "67"]
[EventDate "2000.12.02"]
[EventType "swiss"]
[EventRounds "6"]
[EventCountry "ITA"]

1. e4 c5 2. d4 cxd4 3. c3 dxc3 4. Nxc3 a6 5. Bc4 e6 6. a4 Qc7 7. Qe2 b6 8. Nf3 Bb7 9. O-O d6 10. Bf4 Nd7 11. Rac1 Qb8 12. Rfd1 e5 13. Bg3 h6 14. Nh4 Ngf6 15. b4 a5 16. bxa5 Rxa5 17. Qa2 d5 18. exd5 Bd6 19. Nf5 O-O 20. Nb5 Ne4 21. Qe2 Nxg3 22. hxg3 Rxb5 23. Bxb5 Nf6 24. Nxd6 Qxd6 25. Bc6 Bc8 26. Qb5 Nd7 27. Rb1 Rd8 28. Bxd7 Bxd7 29. Qa6 Bg4 30. Rd2 Be6 31. Qxb6 Qxb6 32. Rxb6 Rxd5 33. Rxd5 Bxd5 34. a5 1-0

[Event "3.Città di Padova Op.B, Elo<1900"]
[Site "Padova Ex Fornace Carotta"]
[Date "2000.12.10"]
[Round "6.4"]
[White "Guclu, Yaman"]
[Black "Zotti, Enrico"]
[Result "1-0"]
[WhiteElo "1795"]
[BlackElo "1734"]
[Annotator "Gabriele Ballarin"]
[PlyCount "106"]
[EventDate "2000.12.02"]
[EventType "swiss"]
[EventRounds "6"]
[EventCountry "ITA"]

1. e4 c5 2. Nf3 d6 3. Bb5+ Nd7 4. c3 a6 5. Ba4 b5 6. Bc2 c4 7. b3 Ngf6 8. Qe2 cxb3 9. axb3 Bb7 10. d4 g6 11. O-O Bg7 12. Rd1 Qc7 13. Bb2 O-O 14. Bd3 e6 15. Nbd2 Rfc8 16. Rac1 Qb8 17. Rc2 Bc6 18. Rdc1 a5 19. c4 bxc4 20. Nxc4 Bb5 21. Ba3 Bxc4 22. bxc4 a4 23. Rb2 Qc7 24. Rcb1 Rcb8 25. Qc2 Rxb2 26. Rxb2 Ne8 27. Qb1 Rb8 28. Rxb8 Nxb8 29. Qb5 Qd8 30. Qxa4 Nc7 31. Qb4 d5 32. exd5 exd5 33. Qd6 Qxd6 34. Bxd6 dxc4 35. Bxc4 Nba6 36. Bg3 Kf8 37. d5 Nxd5 38. Bxd5 Ke7 39. Kf1 h6 40. Ke2 Nc5 41. Bc7 f5 42. Ne5 Kf6 43. Nd3 Nd7 44. Bd6 g5 45. Ba3 Kg6 46. Be6 Nf6 47. Ne5+ Kh7 48. Be7 f4 49. Ng4 Nxg4 50. Bxg4 Kg6 51. Be6 Ba1 52. h3 h5 53. Kf3 Bd4 1-0

[Event "3.Città di Padova Op.B, Elo<1900"]
[Site "Padova Ex Fornace Carotta"]
[Date "2000.12.10"]
[Round "6.5"]
[White "Carini, Massimo"]
[Black "Maccapan, Fabio"]
[Result "1-0"]
[WhiteElo "1881"]
[BlackElo "1738"]
[Annotator "Gabriele Ballarin"]
[PlyCount "41"]
[EventDate "2000.12.02"]
[EventType "swiss"]
[EventRounds "6"]
[EventCountry "ITA"]

1. e4 c6 2. d4 d5 3. e5 Bf5 4. Bd3 Bxd3 5. Qxd3 e6 6. Nf3 Qb6 7. O-O c5 8. c3 Nc6 9. a3 Nge7 10. b4 cxd4 11. cxd4 Nf5 12. Be3 h5 13. Nc3 Qd8 14. Rac1 Qd7 15. Nd2 Be7 16. Nb3 b6 17. b5 Na5 18. Nxa5 bxa5 19. Na4 Rb8 20. Nc5 Qxb5 21. Rb1 1-0

[Event "3.Città di Padova Op.B, Elo<1900"]
[Site "Padova Ex Fornace Carotta"]
[Date "2000.12.10"]
[Round "6.6"]
[White "Busi, Massimo"]
[Black "Ravagnani, Tiziano"]
[Result "0-1"]
[WhiteElo "1672"]
[BlackElo "1833"]
[Annotator "Gabriele Ballarin"]
[PlyCount "80"]
[EventDate "2000.12.02"]
[EventType "swiss"]
[EventRounds "6"]
[EventCountry "ITA"]

{[%evp 0,80,32,28,68,23,119,100,111,64,86,57,77,97,78,72,69,49,49,46,67,68,50,36,117,91,77,131,117,-19,55,55,42,42,232,-156,-156,-164,-156,-144,-147,-156,-159,-161,23,18,5,-45,-116,-112,-36,-30,-4,-24,-1,-1,0,0,10,10,9,-32,197,20,28,-482,-482,-577,-577,-577,-577,-585,-584,-584,-584,-757,-757,-1071,-1071,-1071,-1071,-1142,-618]} 1. e4 c5 2. d4 b6 3. Nf3 Bb7 4. Bc4 Nf6 5. e5 Ne4 6. d5 b5 7. Be2 Qa5+ 8. c3 e6 9. d6 f5 10. O-O Nc6 11. Bf4 Rg8 12. h4 h6 13. Nbd2 g5 14. Nxe4 fxe4 15. hxg5 exf3 16. Bxf3 hxg5 17. Bh5+ Kd8 18. Bg3 Kc8 19. Qd3 Qd8 20. Qh7 Rg7 21. Qh8 Ne7 22. dxe7 Qxe7 23. Qh6 Rh7 24. Qg6 Kc7 25. Be2 Rh6 26. Qc2 Bg7 27. f3 c4 28. Qd2 Rah8 29. Qd4 Bf8 30. Kf2 Qh7 31. Rad1 Kc6 32. f4 Bc5 33. Bf3+ Kb6 34. Qxc5+ Kxc5 35. Bxb7 d5 36. exd6 Qxb7 37. Rfe1 gxf4 38. Re5+ Kb6 39. Bxf4 Rf6 40. Rd4 Rh2 {Nur} 0-1

[Event "3.Città di Padova Op.B, Elo<1900"]
[Site "Padova Ex Fornace Carotta"]
[Date "2000.12.10"]
[Round "6.7"]
[White "Giancotti, Eraldo"]
[Black "Lain, Luigi"]
[Result "0-1"]
[WhiteElo "1790"]
[BlackElo "1804"]
[Annotator "Gabriele Ballarin"]
[PlyCount "86"]
[EventDate "2000.12.02"]
[EventType "swiss"]
[EventRounds "6"]
[EventCountry "ITA"]

1. d4 d5 2. e3 Nf6 3. Bd3 e6 4. f4 c5 5. c3 Nc6 6. Nd2 Bd6 7. Nh3 Qc7 8. O-O c4 9. Bc2 Bd7 10. e4 Nxe4 11. Nxe4 dxe4 12. Bxe4 O-O-O 13. b3 f5 14. Bf3 g5 15. Nxg5 Bxf4 16. Bxc6 Bxh2+ 17. Kh1 Bxc6 18. Qh5 Bd6 19. Bf4 Bxf4 20. Nxe6 Bxg2+ 21. Kxg2 Rhg8+ 22. Kh1 Qc6+ 23. Qf3 Qxe6 24. Qxf4 Qc6+ 25. Rf3 Rdf8 26. Rg1 Rxg1+ 27. Kxg1 cxb3 28. axb3 Qe6 29. c4 Qe1+ 30. Kh2 Qe2+ 31. Kh3 Qe1 32. Kh2 b6 33. Rf1 Qe2+ 34. Rf2 Qh5+ 35. Kg1 Rg8+ 36. Rg2 Rxg2+ 37. Kxg2 Qg4+ 38. Qg3 Qxg3+ 39. Kxg3 h5 40. d5 Kd7 41. Kf3 h4 42. Kf4 Kd6 43. Kf3 b5 0-1

[Event "3.Città di Padova Op.B, Elo<1900"]
[Site "Padova Ex Fornace Carotta"]
[Date "2000.12.08"]
[Round "6.8"]
[White "Morganti, Lionello"]
[Black "De Napoli, Giuseppe"]
[Result "1-0"]
[WhiteElo "1726"]
[BlackElo "1723"]
[Annotator "Gabriele Ballarin"]
[PlyCount "85"]
[EventDate "2000.12.02"]
[EventType "swiss"]
[EventRounds "6"]
[EventCountry "ITA"]

1. e4 g6 2. d4 Bg7 3. Nc3 d6 4. Nf3 Nd7 5. Bc4 e5 6. Bxf7+ Kxf7 7. Ng5+ Ke8 8. Ne6 Qe7 9. Nd5 Qxe6 10. Nxc7+ Kf7 11. Nxe6 Kxe6 12. d5+ Kf7 13. O-O Ngf6 14. f3 b6 15. b3 a5 16. Be3 Ba6 17. c4 Nc5 18. Bxc5 bxc5 19. Rc1 Bh6 20. Rc3 Ke7 21. Qe1 Bc8 22. Qh4 Bf4 23. Qe1 Bd7 24. g3 Bh6 25. f4 Bh3 26. Rf2 Nd7 27. Qe2 Nf6 28. fxe5 Ng4 29. exd6+ Kxd6 30. e5+ Ke7 31. Rf4 Raf8 32. Rxg4 Bd2 33. Rd3 Rf1+ 34. Qxf1 Bxf1 35. Kxf1 Rf8+ 36. Kg2 Bc1 37. Rf3 Rb8 38. e6 a4 39. bxa4 Kd6 40. Rb3 Rf8 41. Re4 Kc7 42. a5 Bd2 43. Rf3 1-0

[Event "3.Città di Padova Op.B, Elo<1900"]
[Site "Padova Ex Fornace Carotta"]
[Date "2000.12.10"]
[Round "6.9"]
[White "Forapan, Fabio"]
[Black "Dimitrijevic, Dragan"]
[Result "1/2-1/2"]
[WhiteElo "1606"]
[BlackElo "1864"]
[Annotator "Gabriele Ballarin"]
[PlyCount "47"]
[EventDate "2000.12.02"]
[EventType "swiss"]
[EventRounds "6"]
[EventCountry "ITA"]

{[%evp 0,47,32,28,92,14,20,42,30,12,47,33,26,9,13,1,1,4,40,56,56,76,75,61,31,15,47,47,70,28,67,73,305,116,114,114,99,95,103,89,125,118,178,184,184,112,397,408,397,141]} 1. e4 Nf6 2. Nc3 d5 3. exd5 Nxd5 4. Be2 Nb6 5. d3 g6 6. Be3 Bg7 7. Qd2 O-O 8. Bh6 c5 9. Bxg7 Kxg7 10. h4 h6 11. h5 g5 12. Nf3 f6 13. O-O-O e5 14. Qe3 Qe7 15. d4 g4 16. Nh4 cxd4 17. Rxd4 Nc6 18. Rxg4+ Bxg4 19. Bxg4 Qb4 20. Nf5+ Kf7 21. Nxh6+ Ke8 22. Rd1 Nc4 23. Bd7+ Kd8 24. Bxc6+ {Nur} 1/2-1/2

[Event "3.Città di Padova Op.B, Elo<1900"]
[Site "Padova Ex Fornace Carotta"]
[Date "2000.12.10"]
[Round "6.10"]
[White "Opacic, Alexandar"]
[Black "Solinas, Roberto"]
[Result "1-0"]
[WhiteElo "1837"]
[BlackElo "1606"]
[Annotator "Gabriele Ballarin"]
[PlyCount "45"]
[EventDate "2000.12.02"]
[EventType "swiss"]
[EventRounds "6"]
[EventCountry "ITA"]

1. e4 c6 2. d4 d5 3. Nc3 dxe4 4. Nxe4 Nd7 5. Ng5 Ndf6 6. Bc4 Nd5 7. N1f3 Bg4 8. Nxf7 Kxf7 9. Ne5+ Ke8 10. Qxg4 Qc8 11. Qe2 Ngf6 12. g4 Qe6 13. Bd2 b5 14. Bd3 Rd8 15. Bf5 Qd6 16. g5 e6 17. gxf6 Nxf6 18. Bd3 Qxd4 19. O-O-O Rd6 20. Kb1 a6 21. Qe3 Qd5 22. Bb4 Rd8 23. Bxf8 1-0

[Event "3.Città di Padova Op.B, Elo<1900"]
[Site "Padova Ex Fornace Carotta"]
[Date "2000.12.10"]
[Round "6.11"]
[White "Sinato, Fabrizio"]
[Black "De Nard, Stefano"]
[Result "0-1"]
[WhiteElo "1749"]
[BlackElo "1518"]
[Annotator "Gabriele Ballarin"]
[PlyCount "118"]
[EventDate "2000.12.02"]
[EventType "swiss"]
[EventRounds "6"]
[EventCountry "ITA"]

{[%evp 0,106,28,28,43,44,75,83,57,25,40,38,87,72,47,28,20,17,22,16,53,37,26,-1,-12,-12,-8,-8,-2,-4,10,-1,21,43,21,26,41,-74,-1,-17,-36,-59,-120,-231,-78,-264,-131,-457,-452,-542,-555,-990,-656,-1654,-1577,-1836,-335,-346,-334,-345,-274,-436,-257,-258,-261,-421,-427,-433,-268,-367,-298,-310,-324,-330,-330,-356,-366,-406,-307,-384,-407,-402,-420,-441,-443,-482,-488,-502,-266,-263,-263,-263,-300,-296,-357,-357,-357,-362,-362,-362,-362,-377,-363,-362,-346,-388,-392,-500,-518]} 1. e4 c5 2. Nf3 d6 3. d4 cxd4 4. Nxd4 Nf6 5. Nc3 g6 6. Bc4 Bg7 7. Be3 O-O 8. f3 Nc6 9. Qd2 Bd7 10. Nxc6 bxc6 11. Bh6 Rb8 12. Bxg7 Kxg7 13. O-O-O Qb6 14. b3 a5 15. a4 Rfc8 16. g4 Be6 17. Bxe6 fxe6 18. Qd4 e5 19. Qd2 Nd7 20. Ne2 c5 21. Nc3 Qb4 22. Nb1 Qb6 23. Qd5 c4 24. Nd2 cxb3 25. c4 Qb4 26. Kb2 Nc5 27. Ra1 Nxa4+ 28. Rxa4 Qxa4 29. Ra1 Qc6 30. Rxa5 Qxd5 31. exd5 Ra8 32. Nxb3 Rxa5 33. Nxa5 Rb8+ 34. Kc3 Rb1 35. Nc6 Kf7 36. Nd8+ Kf6 37. h4 Rf1 38. g5+ Kg7 39. Nc6 Rxf3+ 40. Kd2 Kf7 41. c5 Rh3 42. Nd8+ Ke8 43. Ne6 Rxh4 44. c6 Rh2+ 45. Kd3 h5 46. gxh6 Rxh6 47. Kc4 Rh1 48. Kd3 Rd1+ 49. Kc2 Ra1 50. Kb2 Ra5 51. Kc3 g5 52. Kb4 Rc5 53. Nxg5 Rxd5 54. Ne6 Rd1 55. Kb5 e4 56. Kb6 e3 57. Nf4 Rd4 58. Ne2 Rc4 59. Kc7 Rc2 {Nur} 0-1

[Event "3.Città di Padova Op.B, Elo<1900"]
[Site "Padova Ex Fornace Carotta"]
[Date "2000.12.10"]
[Round "6.12"]
[White "Zangrando, Gianpietro"]
[Black "Pavon, Michele"]
[Result "1/2-1/2"]
[WhiteElo "1662"]
[BlackElo "1603"]
[Annotator "Gabriele Ballarin"]
[PlyCount "114"]
[EventDate "2000.12.02"]
[EventType "swiss"]
[EventRounds "6"]
[EventCountry "ITA"]

1. c4 e5 2. Nc3 Nf6 3. g3 d5 4. cxd5 Nxd5 5. Bg2 Nb6 6. Nf3 Nc6 7. O-O Be7 8. d3 O-O 9. a3 Re8 10. b4 a5 11. b5 Nd4 12. Bb2 Bf6 13. Nd2 a4 14. Nde4 Be7 15. Nd2 c6 16. bxc6 Nxc6 17. Rc1 Be6 18. Nce4 Bd5 19. Bh3 Nd4 20. e3 Nb3 21. Nxb3 axb3 22. Nc5 Bxc5 23. Rxc5 Na4 24. Rxd5 Qxd5 25. Bg2 Qb5 26. Qb1 Nxb2 27. Qxb2 Rec8 28. Rb1 Rc7 29. Be4 g6 30. Qxb3 Qxb3 31. Rxb3 Ra7 32. Bd5 Kg7 33. Bc4 e4 34. Bb5 exd3 35. Bxd3 Rc1+ 36. Kg2 Ra1 37. Be4 R1xa3 38. Rxb7 Rxb7 39. Bxb7 Rb3 40. Bd5 Rb2 41. e4 Rd2 42. Bc6 Rd6 43. Bd5 Kf6 44. h4 Ke5 45. Ba8 f5 46. f4+ Kf6 47. g4 Ke7 48. Kf3 Rd2 49. Bc6 Rh2 50. Kg3 Rc2 51. Bd5 Kf8 52. Bb7 Rc1 53. Kf2 Rc2+ 54. Kg3 Re2 55. Kf3 Re1 56. Kf2 Rb1 57. Bc6 Rb2+ 1/2-1/2

[Event "3.Città di Padova Op.B, Elo<1900"]
[Site "Padova Ex Fornace Carotta"]
[Date "2000.12.10"]
[Round "6.13"]
[White "Menegollo, Carlo"]
[Black "Negro, Raffaele"]
[Result "1-0"]
[WhiteElo "1500"]
[BlackElo "1651"]
[Annotator "Gabriele Ballarin"]
[PlyCount "119"]
[EventDate "2000.12.02"]
[EventType "swiss"]
[EventRounds "6"]
[EventCountry "ITA"]

1. e4 d6 2. d4 Nf6 3. Nc3 g6 4. h3 Bg7 5. Be3 c6 6. Qd2 b5 7. a3 Nbd7 8. Nf3 Nb6 9. Bh6 O-O 10. Bxg7 Kxg7 11. Bd3 Nc4 12. Qc1 Qc7 13. O-O e5 14. Bxc4 bxc4 15. dxe5 dxe5 16. Qg5 Re8 17. Rfe1 Nh5 18. Ne2 Qb6 19. Rab1 h6 20. Qd2 Nf6 21. Ng3 Ba6 22. Qc3 Rad8 23. Nxe5 Qc5 24. Ng4 Qd4 25. Qf3 Nxg4 26. Qxg4 Kh7 27. Qf3 Kg7 28. c3 Qe5 29. Rbd1 Rd6 30. Rxd6 Qxd6 31. Rd1 Qe6 32. Qe3 Qe7 33. f4 Qb7 34. Qd4+ Kg8 35. Rd2 Qb6 36. e5 Qxd4+ 37. Rxd4 Rb8 38. Rd2 Kf8 39. Ne4 Ke7 40. Kf2 Bc8 41. Nd6 Be6 42. g4 f5 43. gxf5 gxf5 44. Ke3 Rg8 45. Rf2 Bd5 46. Nxf5+ Ke6 47. Nd4+ Kf7 48. h4 Rg3+ 49. Ke2 h5 50. Rh2 Rg4 51. Ke3 Rg3+ 52. Kf2 Rg4 53. Ne2 Ke6 54. Ke3 c5 55. Rh3 Bg2 56. Rg3 Kf5 57. Rxg4 hxg4 58. Ng3+ Kg6 59. f5+ Kf7 60. Kf4 1-0

[Event "3.Città di Padova Op.B, Elo<1900"]
[Site "Padova Ex Fornace Carotta"]
[Date "2000.12.10"]
[Round "6.14"]
[White "Gobbato, Paolo"]
[Black "Di Giacomo, Antonio"]
[Result "0-1"]
[WhiteElo "1600"]
[BlackElo "1633"]
[Annotator "Gabriele Ballarin"]
[PlyCount "62"]
[EventDate "2000.12.02"]
[EventType "swiss"]
[EventRounds "6"]
[EventCountry "ITA"]

1. d4 Nf6 2. c4 e6 3. Nc3 d5 4. Bg5 Be7 5. e3 O-O 6. Nf3 c6 7. Bd3 dxc4 8. Bxc4 Nbd7 9. O-O Nd5 10. Bxe7 Qxe7 11. Rc1 Rd8 12. Qd2 N7b6 13. Nxd5 exd5 14. Bd3 Nd7 15. h3 Re8 16. Rc3 Nf6 17. Qc2 Ne4 18. Rb3 Rb8 19. Ne5 Bd7 20. Rc1 g6 21. Bxe4 dxe4 22. Qxe4 f6 23. Nxd7 Qxd7 24. Qf3 Kf7 25. Rc5 Re6 26. h4 Rbe8 27. h5 Re4 28. hxg6+ hxg6 29. Ra5 Rxd4 30. Kf1 Rd1+ 31. Qxd1 Qxd1# 0-1

[Event "3.Città di Padova Op.B, Elo<1900"]
[Site "Padova Ex Fornace Carotta"]
[Date "2000.12.10"]
[Round "6.15"]
[White "Favero, Graziano"]
[Black "Muzhaqi, Halit"]
[Result "1-0"]
[WhiteElo "1621"]
[BlackElo "1500"]
[Annotator "Gabriele Ballarin"]
[PlyCount "49"]
[EventDate "2000.12.02"]
[EventType "swiss"]
[EventRounds "6"]
[EventCountry "ITA"]

1. e4 e5 2. Nf3 Nc6 3. Bc4 d6 4. c3 Bg4 5. Qb3 Na5 6. Qa4+ c6 7. Be2 Bxf3 8. Bxf3 b5 9. Qc2 Ne7 10. O-O g6 11. b4 Nc4 12. a4 a6 13. a5 d5 14. d3 Nd6 15. Bg5 Ndc8 16. Bf6 Rg8 17. exd5 cxd5 18. Bxe5 f5 19. Re1 Kf7 20. c4 bxc4 21. dxc4 Bg7 22. Bxg7 Rxg7 23. cxd5 Nxd5 24. Qb3 Nce7 25. Nc3 1-0